[Event "Madurai Athens of the East op-C U1700"]
[Site "Madurai"]
[Date "2023.12.26"]
[Round "7"]
[White "Hiridik, Rajendran"]
[Black "Jackson, VX."]
[Result "1/2-1/2"]
[WhiteElo "1639"]
[BlackElo "1448"]
[PlyCount "143"]
[EventDate "2023.12.24"]
[EventType "swiss"]
[EventRounds "9"]
[EventCountry "IND"]
[SourceTitle "CBM 218 Extra"]
[Source "ChessBase"]
[SourceDate "2024.03.31"]
[SourceVersion "1"]
[SourceVersionDate "2024.03.31"]
[SourceQuality "1"]

1. e4 c5 2. Nf3 d6 3. d4 cxd4 4. Nxd4 Nf6 5. Nc3 a6 6. Bc4 e6 7. Bb3 Be7 8. 0-0 Qc7 9. Be3 0-0 10. f4 b5 11. a3 Nc6 12. f5 Nxd4 13. Bxd4 e5 14. Bf2 Bb7 15. Qe2 Rac8 16. Rad1 Qa5 17. Bh4 b4 18. axb4 Qxb4 19. Bxf6 Bxf6 20. Rb1 Bc6 21. Rfd1 a5 22. Qe3 Bd8 23. Kh1 a4 24. Bd5 Bd7 25. Qd3 Be7 26. Ne2 Bb5 27. c4 Bxc4 28. Bxc4 Qxc4 29. Qf3 Rb8 30. Nc3 Rb3 31. Qg4 Rfb8 32. Nd5 Bf8 33. Rbc1 Qb5 34. f6 g6 35. Rc8 Rxb2 36. h3 h5 37. Rxb8 hxg4 38. Rxb5 Rxb5 39. hxg4 Bh6 40. Ra1 Ra5 41. Kg1 a3 42. Kf2 a2 43. Ke2 Bc1 44. Nb4 Ra4 45. Nd3 Bg5 46. Nf2 Bxf6 47. Kd3 Bh4 48. Nd1 Kg7 49. Nc3 Rd4+ 50. Kc2 Bg5 51. Rxa2 Rd2+ 52. Kb3 Rxa2 53. Kxa2 Kh6 54. Kb3 Be3 55. Kc4 Kg5 56. Kd3 Bd4 57. Ne2 Bc5 58. Nc1 Kxg4 59. Ne2 f5 60. exf5 gxf5 61. Kc4 f4 62. Kd5 Kf5 63. Nc3 Ba3 64. Ne4 Kg4 65. Kc4 Bc5 66. Kd5 Kf5 67. Nc3 Ba3 68. Ne4 Bb4 69. Nf2 Kg5 70. Ne4+ Kg4 71. Kc4 Bc5 72. Kd5 1/2-1/2